Cuadernos de fisiología articular : (Record no. 86098)

MARC details
000 -LEADER
campo de control de longitud fija 00710nam a2200217 i 4500
001 - NÚMERO DE CONTROL
campo de control 86098
003 - IDENTIFICADOR DE NÚMERO DE CONTROL
campo de control ES-MaACL
005 - FECHA Y HORA DE LA ÚLTIMA TRANSACCIÓN
campo de control 20230906175355.0
007 - CAMPO FIJO DE DESCRIPCIÓN FÍSICA--INFORMACIÓN GENERAL
campo de control de longitud fija t|
008 - DATOS DE LONGITUD FIJA--INFORMACIÓN GENERAL
campo de control de longitud fija 041207s1970 sp ||||1| spa d
080 ## - NÚMERO DE LA CLASIFICACIÓN DECIMAL UNIVERSAL
Número de la Clasificación Decimal Universal 612.75/.76
100 1# - ENTRADA PRINCIPAL--NOMBRE DE PERSONA
Nombre de persona Kapandji, Adalbert Ibrahim.
9 (RLIN) 174633
245 10 - MENCIÓN DEL TÍTULO
Título Cuadernos de fisiología articular :
Resto del título esquemas comentados de mecánica articular /
Mención de responsabilidad, etc. por I.A. Kapandji ; versión, E. Martínez.
250 ## - MENCION DE EDICION
Mención de edición 1ª ed.
260 ## - PUBLICACIÓN, DISTRIBUCIÓN, ETC.
Lugar de publicación, distribución, etc. Barcelona :
Nombre del editor, distribuidor, etc. Toray Masson,
Fecha de publicación, distribución, etc. 1970.
300 ## - DESCRIPCIÓN FÍSICA
Extensión 2 v. :
Otras características físicas il. ;
Dimensiones 27 cm.
505 8# - NOTA DE CONTENIDO CON FORMATO
Nota de contenido con formato Contiene: 1. Miembro superior - 2. Miembro inferior
650 #4 - PUNTO DE ACCESO ADICIONAL DE MATERIA--TÉRMINO DE MATERIA
Término de materia o nombre geográfico como elemento de entrada Articulaciones.
9 (RLIN) 150235
700 1# - ENTRADA AGREGADA--NOMBRE PERSONAL
Nombre de persona Martínez, E.
9 (RLIN) 77731
852 4# - LOCALIZACIÓN
Ubicación ES-MaACL
Número de control de estantería P-1490
Holdings
Estatus retirado Estado de pérdida Estado de daño No para préstamo Biblioteca de origen Biblioteca actual Ubicación en estantería Fecha de adquisición Fuente de adquisición Total de préstamos Signatura topográfica completa Código de barras Visto por última vez Precio de reemplazo Tipo de ítem Koha
        Biblioteca del Ateneo de Madrid Biblioteca del Ateneo de Madrid Depósito 2 17/01/2008     P-1490 1089965 23/02/2023 23/02/2023 Libro impreso